| 000 | 00680nam a2200253Ia 4500 | ||
|---|---|---|---|
| 008 | 160803s9999 xx 000 0 und d | ||
| 020 | _a9780590403603 | ||
| 100 | _aCole, Joanna | ||
| 245 | 4 | _aThe magic school bus at the waterworks / | |
| 245 | _cby Joanna Cole ; illustrated by Bruce Degen. | ||
| 260 | _aNew York : | ||
| 260 | _bScholastic Inc. | ||
| 260 | _c1986 | ||
| 300 | _a39 pages : | ||
| 300 | _bcolor illustrations ; | ||
| 300 | _c20 x 24 cm. | ||
| 440 | _aThe Magic school bus ; | ||
| 440 | _vvol. 2 | ||
| 650 | _aHydrology -- | ||
| 650 | _aWaterworks -- | ||
| 650 | _xJuvenile literature. | ||
| 650 | _xJuvenile literature. | ||
| 700 | _a660 | ||
| 999 |
_c299387 _d299387 |
||